Knots on a counting rope / (Record no. 3321)

MARC details
000 -LEADER
fixed length control field 01196cam a2200325 a 4500
005 - DATE AND TIME OF LATEST TRANSACTION
control field 20240229095442.0
020 ## - INTERNATIONAL STANDARD BOOK NUMBER
International Standard Book Number 9780805054798
040 ## - CATALOGING SOURCE
Original cataloging agency DLC
Transcribing agency DLC
Modifying agency DLC
Language of cataloging eng
050 00 - LIBRARY OF CONGRESS CALL NUMBER
Classification number PZ7.M3643
Item number 1987
082 00 - DEWEY DECIMAL CLASSIFICATION NUMBER
Classification number 305.89
100 1# - MAIN ENTRY--PERSONAL NAME
Personal name Martin, Bill
Dates associated with a name 1916-2004
245 10 - TITLE STATEMENT
Title Knots on a counting rope /
Statement of responsibility, etc. by Bill Martin, Jr. and John Archambault ; illustrated by Ted Rand.
250 ## - EDITION STATEMENT
Edition statement First Square Fish Edition : January 2012
260 ## - PUBLICATION, DISTRIBUTION, ETC.
Place of publication, distribution, etc. New York :
Name of publisher, distributor, etc. Henry Holt and Company,
Date of publication, distribution, etc. 1987
300 ## - PHYSICAL DESCRIPTION
Extent 32 unnumbered pages :
Other physical details color illustrations ;
Dimensions 21 cm .
505 ## - FORMATTED CONTENTS NOTE
Formatted contents note M <br/>
520 ## - SUMMARY, ETC.
Summary, etc. A grandfather and his blind grandson, Boy-Strength-of-Blue-Horses, reminisce about the young boy's birth, his first horse, and an exciting horse race.
521 ## - TARGET AUDIENCE NOTE
Target audience note 550 <br/>
Source Lexile <br/>
521 ## - TARGET AUDIENCE NOTE
Target audience note M <br/>
Source Raz-Plus <br/>
650 #1 - SUBJECT ADDED ENTRY--TOPICAL TERM
Topical term or geographic name entry element Indians of North America
General subdivision Fiction
650 #1 - SUBJECT ADDED ENTRY--TOPICAL TERM
Topical term or geographic name entry element Grandfathers
General subdivision Fiction
650 #1 - SUBJECT ADDED ENTRY--TOPICAL TERM
Topical term or geographic name entry element Blind
General subdivision Fiction.
650 #1 - SUBJECT ADDED ENTRY--TOPICAL TERM
Topical term or geographic name entry element People with disabilities
Form subdivision Fiction.
655 #7 - INDEX TERM--GENRE/FORM
Genre/form data or focus term Juvenile literature
Chronological subdivision 1987.
Source of term rbgenr
700 1# - ADDED ENTRY--PERSONAL NAME
Personal name Archambault, John
700 1# - ADDED ENTRY--PERSONAL NAME
Personal name Rand, Ted,
Relator term illustrators
906 ## - LOCAL DATA ELEMENT F, LDF (RLIN)
a 7
b cbc
c orignew
d 1
e ocip
f 19
g y-gencatlg
942 ## - ADDED ENTRY ELEMENTS (KOHA)
Source of classification or shelving scheme Dewey Decimal Classification
Koha item type Books
Suppress in OPAC No
999 ## -
-- 3321
-- 3321
Holdings
Withdrawn status Lost status Source of classification or shelving scheme Damaged status Not for loan Collection Home library Current library Shelving location Date acquired Total Checkouts Full call number Barcode Date last seen Date last checked out Price effective from Koha item type
    Dewey Decimal Classification     Fiction Footprints International School Library Network Toul Kork Campus Footprints International School Library Network Toul Kork Campus   02/27/2024 2 MAR 305.89 PZ7.M3643 FISTK03891 05/19/2025 09/18/2024 02/27/2024 Books